| 000 | 00483cam a22000977a 4500 | ||
|---|---|---|---|
| 008 | 180718b-- xxu||||| |||| 00| 0 eng d | ||
| 100 | _aCentre for Monitoring Indian Economy | ||
| 245 | _aCMIE: EIS | ||
| 260 |
_aMumbai _bThe author _c-- |
||
| 500 | _aLibrary has 14.4.08, 12.5.08, 13.6.08, 18.6.08, 12.7.08, 18.8.08, 12.9.08, 15.10.08, 25.11.08, 19.12.08, 14.1.09, 23.2.09, 13.3.09, 13.4.09, 14.5.09, 11.6.09, 15.7.09, 10.8.09, 15.9.09, 12.10.09, 12.11.09, 14.12.09, 25.1.10, 23.2.10, 17.3.10 | ||
| 999 |
_c402326 _d402326 |
||